Chocolate Bars in Other Words Quiz Stats

 Plays Quiz Updated Oct 17, 2018

Challenge
Share
Tweet
Embed
Score 0/20 Timer 04:00
4 Plays Today
% Correct
Pay Day
94.6%
Whatchamacallit
94.5%
Milky Way
92.1%
Snickers
91.3%
Symphony
91%
Crunch
89.5%
Fifth Avenue
89.1%
Smarties
88.6%
Wunderbar
88.6%
Mounds
87.3%
% Correct
Kudos
86.5%
Butterfinger
84.5%
100 Grand
81.4%
Three Musketeers
79.8%
Bounty
72.5%
Baby Ruth
69.3%
Clark
68.6%
Mars
66.4%
Heath
55.7%
Kit Kat
42.1%

You're not logged in!

Compare scores with friends on all Sporcle quizzes.
OR
Log In

You Might Also Like...

Show Comments

Extras

Top Quizzes Today


Score Distribution

Your Account Isn't Verified!

In order to create a playlist on Sporcle, you need to verify the email address you used during registration. Go to your Sporcle Settings to finish the process.

Report this User

Report this user for behavior that violates our Community Guidelines.

Details: